| 000 | 00406pab a2200157 454500 | ||
|---|---|---|---|
| 008 | 180718b1998 xxu||||| |||| 00| 0 eng d | ||
| 100 | _aVithal, C.P. | ||
| 245 | _aNew panchayati raj dispensation in Madhya Pradesh: an analysis | ||
| 260 | _c1998 | ||
| 300 | _ap.5-10 | ||
| 362 | _aApr | ||
| 650 | _aPanchayat - India - Madhya Pradesh | ||
| 650 | _aPanchayat | ||
| 773 | _aKurukshetra | ||
| 909 | _a37629 | ||
| 999 |
_c37629 _d37629 |
||